00954naa#a2200193#i#4500001001600000005001700016011001400033100004100047102000700088200019900095210010500294215001000399608004500409675012000454700005400574700005400628700005200682856002600734RU\\bibl\11109920260704052911.6##a2542-1840##a20260630b2026####ek#y0rusy0150####ca##aRU1#aЦифровая грамотность в структуре профессиональной ответственности будущего педагогаeЖурнальная статья1#aКемеровоcКемеровский государственный университетd2026##a9 с.##aЖурнальная статья2local##aВысшее образование. Высшая школа. Подготовка научных кадров. 378#1aЛопаткинgГригорий Юрьевич#1aДивееваgКарина Дмитриевна#1aДивеевgДанила Васильевич4#avestnik-bees.kemsu.ru